000
00246nmm a2200085Ia 4500
008
220120s9999||||xx |||||||||||||||||und||
100
_a
Riley, John
_9
5391
245
0
_a
Writing fast programs ; A practical guide for engineers and
260
_b
New Delhi
999
_c
139238
_d
139238